This, But Not That VI Quiz Stats

 Plays Quiz Updated Sep 26, 2017

Score 0/18 Timer 05:00
16 Plays Today
% Correct
Teeth
94.7%
Mattress Sizes
92.8%
Drums
91.4%
Keyboard Keys
90.7%
Salad Dressings
89.2%
Tennis Terms
87.7%
Nuts
84.4%
Skirt Types
84.3%
Robert Louis Stevenson Novels
84.2%
% Correct
Kinds of Kisses
82.7%
Diet Sodas
77%
Housing Types
74.5%
Civil Rights Icons
74%
Flag Patterns
71.9%
Plumbing Devices
68.6%
US Presidential Nicknames
50.3%
Ciphers
41.4%
Sports Illustrated Swimsuit Models
34.5%

You're not logged in!

Compare scores with friends on all Sporcle quizzes.
OR
Log In

You Might Also Like...

Show Comments

Extras

Top Quizzes Today


Score Distribution

Your Account Isn't Verified!

In order to create a playlist on Sporcle, you need to verify the email address you used during registration. Go to your Sporcle Settings to finish the process.

Report this User

Report this user for behavior that violates our Community Guidelines.

Details: